Countries by iconic figure - Statistics

General Stats
  • This quiz has been taken 49 times
  • The average score is 13 of 15
Answer Stats
Picture Answer % Correct
China
100%
Russia
100%
United Kingdom
100%
India
98%
United States
98%
Japan
96%
South Africa
96%
Germany
94%
France
91%
Brazil
87%
Egypt
81%
Italy
74%
Mexico
62%
Australia
53%
Canada
28%
No matching quizzes found
Score Distribution
Percent of People with Each Score
Percentile by Number Answered
Your Score History
You have not taken this quiz